| 000 -LEADER | |
|---|---|
| fixed length control field | 00480nam a22001817a 4500 |
| 005 - DATE AND TIME OF LATEST TRANSACTION | |
| control field | 20240920130718.0 |
| 008 - FIXED-LENGTH DATA ELEMENTS--GENERAL INFORMATION | |
| fixed length control field | 240918b |||||||| |||| 00| 0 eng d |
| 020 ## - INTERNATIONAL STANDARD BOOK NUMBER | |
| ISBN | 978-93-87090-42-3 |
| 041 ## - LANGUAGE CODE | |
| Language code of text/sound track or separate title | eng |
| 082 ## - DEWEY DECIMAL CLASSIFICATION NUMBER | |
| Classification number | 615.4 |
| 100 ## - MAIN ENTRY--AUTHOR NAME | |
| Personal name | SHARMA, PAWAN KUMAR |
| 245 ## - TITLE STATEMENT | |
| Title | REMEDIAL MATHEMATICS, [B.PHARMA, 1ST SEMESTER] |
| 250 ## - EDITION STATEMENT | |
| Edition statement | 1ST ED. 2017-18 |
| 260 ## - PUBLICATION, DISTRIBUTION, ETC. (IMPRINT) | |
| Place of publication | LUCKNOW |
| Name of publisher | THAKUR PUBLICATION PVT LTD. |
| 300 ## - PHYSICAL DESCRIPTION | |
| Number of Pages | 248;P |
| 650 ## - SUBJECT ADDED ENTRY--TOPICAL TERM | |
| Topical Term | PHARMACY |
| General subdivision | B.PHARMA |
| 942 ## - ADDED ENTRY ELEMENTS (KOHA) | |
| Koha item type | Books |
| Lost status | Damaged status | Collection code | Home library | Current library | Shelving location | Date acquired | Source of acquisition | Cost, normal purchase price | Serial Enumeration / chronology | Full call number | Accession Number | Koha item type |
|---|---|---|---|---|---|---|---|---|---|---|---|---|
| PHARMACY | JRU Library | JRU Library | SHELF-3-D | 13/09/2024 | PURCHASE | 210.00 | NEW ARRIVALS SHELF | 615.4 | 28431 | Books | ||
| PHARMACY | JRU Library | JRU Library | SHELF - 17 - J | 13/09/2024 | PURCHASE | 210.00 | 615.4 | 28432 | Books | |||
| PHARMACY | JRU Library | JRU Library | SHELF - 17 - J | 13/09/2024 | PURCHASE | 210.00 | 615.4 | 28433 | Books |